|
|
|
|
| LEADER |
01596nam a2200313 a 4500 |
| 001 |
1086703 |
| 008 |
100112s1992 ii b 001 0 eng d |
| 010 |
|
|
|a \\\92009115
|
| 020 |
|
|
|a 8170362806 (India-hb)
|
| 020 |
|
|
|a 8170362814 (India-pbk.)
|
| 020 |
|
|
|a 0803994125 (US-hb)
|
| 020 |
|
|
|a 0803994133 (US-pbk.)
|
| 040 |
|
|
|a DLC
|c DLC
|d DLC
|d BD-DhAAL
|
| 082 |
0 |
0 |
|a 320/.01
|2 20
|
| 245 |
0 |
0 |
|a Comparative political philosophy :
|b studies under the upas tree /
|c editors, Anthony J. Parel, Ronald C. Keith.
|
| 260 |
|
|
|a New Delhi ;
|a Newbury Park, Calif. :
|b Sage,
|c 1992.
|
| 300 |
|
|
|a 260 p. ;
|c 22 cm.
|
| 504 |
|
|
|a Includes bibliographical references and index.
|
| 541 |
1 |
|
|e 00007227
|
| 650 |
|
0 |
|a Political science
|x History.
|
| 650 |
|
0 |
|a Political science
|x Philosophy.
|
| 700 |
1 |
|
|a Parel, Anthony.
|
| 700 |
1 |
|
|a Keith, Ronald C.
|
| 852 |
4 |
|
|a Ayesha Abed Library
|j General shelf
|
| 999 |
|
|
|c 6915
|d 6915
|
| 952 |
|
|
|0 0
|1 0
|2 ddc
|4 0
|6 320_010000000000000_COM_1992
|7 0
|9 7145
|a BRACUL
|b BRACUL
|c GEN
|d 2010-01-13
|l 1
|m 3
|o 320.01 COM
|p 3010007227
|r 2014-12-02
|s 2014-11-08
|t 1
|w 2010-01-13
|y BK
|
| 952 |
|
|
|0 0
|1 0
|2 ddc
|4 0
|6 320_010000000000000_COM
|7 0
|9 54500
|a SCL
|b SCL
|c GEN
|d 2015-06-25
|e Gift: The Asia Foundation
|l 0
|o 320.01 COM
|p 3020001751
|r 2015-06-25
|t 2
|w 2015-06-25
|y BK
|
| 952 |
|
|
|0 0
|1 0
|2 ddc
|4 0
|6 320_010000000000000_COM
|7 0
|9 54501
|a SCL
|b SCL
|c GEN
|d 2015-06-25
|e Gift: The Asia Foundation
|l 0
|o 320.01 COM
|p 3020000051
|r 2015-06-25
|t 3
|w 2015-06-25
|y BK
|
| 952 |
|
|
|0 0
|1 0
|2 ddc
|4 0
|6 320_010000000000000_COM
|7 0
|9 54664
|a SCL
|b SCL
|c GEN
|d 2015-07-04
|e Gift: The Asia Foundation
|l 0
|o 320.01 COM
|p 3020000101
|r 2015-07-04
|t 4
|w 2015-07-04
|y BK
|